| 000 | 00549nam a2200205Ia 4500 | ||
|---|---|---|---|
| 008 | 131103s9999 xx 000 0 und d | ||
| 020 |
_a8123725930 _cRs.30 |
||
| 040 | _aLoreto College | ||
| 041 | _aEnglish | ||
| 082 |
_aRef/I _bLCBED/13842 |
||
| 100 | _aPanikkar, Kavalam Narayana | ||
| 245 |
_aFolklore of Kerala _cKavalam Narayana Panikkar |
||
| 260 |
_aIndia _bNational Book Trust _c1991 |
||
| 300 |
_a152p. _c 22cm. |
||
| 504 | _aIncludes bibliography | ||
| 650 | _aHistory | ||
| 651 | _aIndia | ||
| 850 | _aLCBED/Ref/I | ||
| 942 | _cBK | ||
| 999 |
_c30844 _d81323 |
||